| 000 | 01073nam a22002417a 4500 | ||
|---|---|---|---|
| 003 | BD-DhSAU | ||
| 005 | 20181209164859.0 | ||
| 008 | 160714b2013 bg ||||| |||| 001 0 eng d | ||
| 040 | _aBD-DhSAU | ||
| 082 |
_222 _a630.715 _bH7949 |
||
| 100 |
_aHossain, Md. Majharul _eRegistration No. # 13-05748 |
||
| 245 | _aProblem faced by the sub assistant agricultural officers in technology transfer / MS thesis | ||
| 260 |
_aSher-e- Bangla Agricultural University : _bDepartment of Agricultural Extension and Information System, _c2013 |
||
| 300 |
_avi, 62 p. : _bill. ; _c30 cm. |
||
| 500 | _aMS thesis of Department of Agricultural Extension and Information System, Faculty of Agriculture, Sher-e-Bangla Agricultural University, Dhaka, Bangladesh | ||
| 590 | _aMd. Sirajul Islam | ||
| 650 | _aExtension and information system | ||
| 650 | _a Technology | ||
| 700 |
_aAli, Md. Sekender _eSupervisor |
||
| 700 |
_aUlla, Md. Shadat _eCo-Supervisor |
||
| 856 |
_uhttp://archive.saulibrary.edu.bd:8080/xmlui/handle/123456789/870 _yOnline Access |
||
| 942 |
_2ddc _cTHESIS |
||
| 999 |
_c13414 _d13413 |
||